000 01215nam0a22002651 4500
001 rc\3016170
005 20260405222706.0
035 _a(NLR Aleph) 007158454
090 _a7224429
_c7224429
100 _a20080912d1936 |||y0rusy50 ca
101 0 _arus
102 _aRU
105 _aa z ||||y
200 1 _aПодводные мастера
_e[Повесть о водолазах]
_eДля сред. и ст. возраста
_gАвтолит. Г. Шевякова
_fКонстантин Золотовский
205 _a4-е изд.
210 _aМосква
_aЛенинград
_cИзд-во детской лит.
_d1936
_eЛенинград
_gТип. "Печатный двор"
_gлитогр. им. Томского
215 _aПереплет, 157, [3] с., 12 вкл. л. ил.
_cил.
_d20х14 см
700 1 _aЗолотовский
_bК.Д.
_f1904-1994
_gКонстантин Дмитриевич
_3RU\NLR\AUTH\77100938
_983864
702 1 _4340
_7ca
_8rus
_aШевяков
_bГ. Р.
_f1905-1982
_gГригорий Романович
_9268515
_3RU\NLR\AUTH\770268571
801 0 _aRU
_bNLR
_gpsbo
801 1 _aRU
_bELAR
_2rusmarc
852 _aNLR
_j36-3/392
942 _cBOOK
980 _aNB